Wymień konsole Nintendo - Statystyki

Ogólne statystyki
  • Ten quiz został rozwiązany 84 razy
    43 od ostatniego zresetowania
  • Średni wynik to 12 z 14
Statystyki odpowiedzi
Hint Odpowiedź % Poprawnych
3. Game boy
97%
12. Wii
97%
6. Nintendo 64
95%
9. Nintendo DS | DS Lite | DSi
95%
14. Switch | Switch Lite | Switch OLED
95%
1. NES
92%
2. SNES
92%
13. WiiU
92%
7. GameCube
90%
10. Nintendo 3DS | New 3DS
90%
5. Game Boy Advance | Advance SP
87%
4. Game Boy Color
87%
8. Virtual Boy
64%
11. Nintendo 2DS | New 2DS
49%
Nie znaleziono quizów pasujących do podanych kryteriów
Rozkład punktacji
Procent ludzi z każdym wynikiem
Percentyl według liczby udzielonych odpowiedzi
Twoja historia wyników
Nie rozwiązałeś tego quizu od ostatniego zresetowania